000 00694nam a22001697a 4500
999 _c14825
_d14825
008 200109b ||||| |||| 00| 0 eng d
082 _22019
_aUT 1395
_bSe84
100 _aSevilla, Quennie O.
_941148
245 _aFood Safety Knowledge Among Street Food Vendors in Digos City/
_cQuennie O. Sevilla, Winston Churchille B. Geloca and Jessa M. Gabihan
260 _aDigos City
_bUMDC
_cDecember 2019
300 _a65 pages
_c30cm
650 _aBachelor of Technical Teacher Education
_vFood Service and Management
_xUndergraduate Thesis
_941149
700 _aSevilla, Quennie O.
_941150
700 _aGeloca,Winston Churchille B.
_941151
700 _aGabihan, Jessa M.
_941152
942 _2ddc
_cUT